Noem alle partijen verkiezingen november 2023 - Statistieken

Algemene statistieken
  • Deze quiz is 11 keer genomen
  • De gemiddelde score is 14 van 26
Antwoordstatistieken
Antwoord % Correct
PVV
100%
VVD
100%
CDA
90%
D66
90%
DENK
90%
SP
90%
CU
80%
FVD
80%
JA21
80%
PVDD
80%
SGP
60%
VOLT
60%
50PLUS
50%
BIJ1
50%
GLPVDA
50%
NSC
50%
BBB
40%
PIRATEN
40%
BVNL
30%
PvdS
10%
LP
10%
PLAN
10%
SPLINTER
10%
LEF
0%
PPVB
0%
SVNL
0%
Geen overeenkomende quizzen gevonden
Scoreverdeling
Procent van Mensen met Elke Score
Percentiel versus Aantal Correcte Antwoorden
Uw Scoregeschiedenis
U heeft deze quiz nog niet genomen